Príspevok k štúdiu vlastností niektorých nekovových brzdových materiálov

Bibliographic Details
Main Author: Gantner, Ivan, 1929-2009 (Author)
Format: Article
Language:Slovak
PhysicalDescription:Tb. 1. Sch. 1. Grafy 2., lit. 6 zázn. v slov., češ., nem.
Subjects:

MARC

LEADER 00000nab a2200000 a 4500
001 vtls000429906
003 SK-MaSNL
005 20260303191810.0
008 160204c1991 xo 0 slo
015 |a SNBRA19rr/mm-uuuuu 
035 |a CL0430034 
040 |a SNKBUCL  |b slo  |c SNKBUCL  |e AACR2 
041 0 |a slo 
044 |a xo  |c SK 
080 |a 620.163:629.4-592  |2 1981 
080 |a 629.4-592  |2 1981 
100 1 |a Gantner, Ivan,  |d 1929-2009  |4 aut  |9 233741 
245 1 0 |a Príspevok k štúdiu vlastností niektorých nekovových brzdových materiálov  |c Ivan Gantner 
300 |b Tb. 1. Sch. 1. Grafy 2., lit. 6 zázn. v slov., češ., nem. 
650 0 7 |a brzdy železničné  |2 snkbucl  |9 931015 
650 0 7 |a materiály brzdové nekovové  |2 snkbucl  |9 1221607 
655 7 |a články zo zborníkov  |2 snkbucl  |9 166140 
773 0 |t Súčasné problémy v koľajových vozidlách. 2. časť  |d Žilina : Dom techniky ZSVTS, 1991  |g S. 55-61 
850 |a Slovenská národná knižnica v Martine  |a MTA001 
852 |a SNK  |b KIS3GCP 
958 |a NB 
958 |a RK 
992 |a RZB 
999 |c 2142906  |d 2144836